000 00310nam a2200121Ia 4500
008 190216s9999||||xx |||||||||||||| ||und||
100 _aMajumdar Raychaudhuri & Dutta
245 0 _aPrachina Bharatham
260 _bKerala Bhasha Institute
_c1985
300 _a305p
650 _aIndian History
942 _cBK
999 _c37532
_d37532